| 000 | 00380nam a2200133Ia 4500 | ||
|---|---|---|---|
| 008 | 191014s9999 xx 000 0 und d | ||
| 020 | _a978-0-7624-1698-1 | ||
| 082 |
_a520 _bHAW |
||
| 100 |
_aStephen Hawking _923747 |
||
| 245 | 0 | _aOn the Shoulders of GiantsThe Great Works of Physics and Astronomy | |
| 260 |
_aLondon _bRunning Press _c2002 |
||
| 300 | _aXiii,1264 | ||
| 942 | _cBK | ||
| 999 |
_c531244 _d531244 |
||